000 00374nam a2200133Ia 4500
008 230411s9999 xx 000 0 und d
041 _aeng
082 _aMS/610.7368/CLE/B07778
100 _aClement I
_9119826
245 _aTextbook on Neurological and Neurosurgical Nursing
260 _bJaypee Brothers
_aNew Delhi
_c2015
300 _a780p
999 _c157863
_d157863